Statystyki dla Państwa według granic w 90 sekund

Kliknij tutaj aby rozwiązać quiz!

Ogólne statystyki

  • Ten quiz został rozwiązany 550 razy
  • Średni wynik to 91 z 157

Odpowiedzi na mapie

Odpowiedzi skodowane kolorowo w zielono-czerwonej skali na mapie do tego quizu, zgodnie z poniższymi procentami.
 

Statystyki odpowiedzi

Kraj% Poprawnych
Rosja
99%
Bialorus
98%
Kanada
98%
Litwa
98%
Polska
98%
Stany Zjednoczone
98%
Ukraina
98%
Francja
97%
Meksyk
97%
Brazylia
96%
Chiny
96%
Kazachstan
96%
Argentyna
95%
Niemcy
95%
Boliwia
94%
Korea Pólnocna
93%
Finlandia
92%
Libia
92%
Norwegia
92%
Paragwaj
92%
Kolumbia
91%
Azerbejdzan
90%
Surinam
90%
Indie
89%
Mjanma
89%
Urugwaj
89%
Turcja
87%
Czechy
86%
Hiszpania
86%
Algieria
85%
Irak
84%
Łotwa
84%
Wenezuela
84%
Egipt
83%
Arabia Saudyjska
82%
Mozambik
82%
Afganistan
81%
Gruzja
81%
Gujana
81%
Republika
Poludniowej Afryki
81%
Wlochy
79%
Czad
78%
Sudan Poludniowy
78%
Republika
Srodkowoafrykanska
77%
Wielka Brytania
77%
Chile
75%
Dania
74%
Holandia
74%
Maroko
74%
Belgia
73%
Jordania
73%
Slowacja
73%
Szwajcaria
73%
Wegry
73%
Demokratyczna
Republika Konga
72%
Peru
72%
Etiopia
71%
Luksemburg
71%
Rumunia
71%
Kamerun
70%
Mongolia
70%
Andora
69%
Iran
69%
Portugalia
69%
Slowenia
69%
Jemen
68%
Kongo
68%
Kuwejt
68%
Szwecja
68%
Mauretania
66%
Wietnam
65%
Ekwador
64%
Grecja
64%
Katar
61%
Kenia
61%
Macedonia Północna
61%
Niger
61%
Sudan
61%
Tadzykistan
60%
Bangladesz
59%
Chorwacja
59%
Gwatemala
59%
Gwinea
59%
Malezja
59%
Izrael
58%
Czarnogóra
57%
Wybrzeze Kosci
Sloniowej
57%
Erytrea
56%
Indonezja
56%
Mali
56%
Irlandia
54%
Bosnia i
Hercegowina
53%
Papua-Nowa Gwinea
53%
Serbia
53%
Watykan
53%
Kostaryka
52%
Timor Wschodni
50%
Pakistan
49%
Dzibuti
48%
Austria
47%
Kosowo
47%
Estonia
45%
Nikaragua
45%
Bułgaria
44%
Panama
44%
Angola
43%
Tajlandia
43%
Oman
42%
Kambodza
41%
Moldawia
41%
Salwador
41%
Namibia
40%
Nepal
39%
Somalia
39%
Botswana
37%
Laos
37%
Zimbabwe
36%
Honduras
35%
Tanzania
35%
Zambia
35%
Bhutan
34%
Nigeria
34%
Senegal
32%
Zjednoczone
Emiraty Arabskie
31%
Dominikana
30%
Lesotho
30%
Monako
30%
Syria
30%
Belize
29%
Kirgistan
29%
Armenia
28%
Eswatini
28%
Turkmenistan
28%
Burkina Faso
27%
Tunezja
27%
Sri Lanka
26%
Uganda
26%
Haiti
25%
Gabon
24%
Gwinea-Bissau
24%
Rwanda
24%
Albania
23%
Benin
23%
Burundi
22%
San Marino
22%
Liban
21%
Togo
21%
Ghana
19%
Uzbekistan
19%
Gwinea Równikowa
15%
Korea Poludniowa
14%
Gambia
12%
Liberia
12%
Malawi
11%
Sierra Leone
8%
Brunei
5%
Liechtenstein
4%

Rozkład punktacji

Percentyl według liczby udzielonych odpowiedzi

Procent ludzi z każdym wynikiem

Twoja historia wyników

Nie rozwiązałeś tego quizu